Top 100 Most Popular Movies of All Time on Letterboxd.com - Statistics

General Stats
  • This quiz has been taken 291 times
    147 since last reset
  • The average score is 43 of 100
Answer Stats
Answer Year Avg Rating Director % Correct
1 Parasite 2019 4.5 Bong Joon-ho
92%
8 Oppenheimer 2023 4.2 Christopher Nolan
90%
3 Interstellar 2014 4.4 Christopher Nolan
86%
2 Barbie 2023 3.7 Greta Gerwig
83%
9 Pulp Fiction 1994 4.3 Quentin Tarantino
82%
19 The Dark Knight 2008 4.5 Christopher Nolan
82%
21 Inception 2010 4.2 Christopher Nolan
80%
54 The Godfather 1972 4.5 Francis Ford Coppola
78%
4 Fight Club 1999 4.3 David Fincher
76%
78 Titanic 1997 3.8 James Cameron
73%
100 Star Wars 1977 4.2 George Lucas
70%
31 Se7en 1995 4.4 David Fincher
67%
40 Inglourious Basterds 2009 4.4 Quentin Tarantino
66%
50 Kill Bill: Vol. 1 2003 4.2 Quentin Tarantino
66%
12 Get Out 2017 4.1 Jordan Peele
65%
59 Django: Unchained 2012 4.3 Quentin Tarantino
63%
5 La La Land 2016 4.1 Damien Chazelle
62%
48 Once Upon a Time... in Hollywood 2019 3.8 Quentin Tarantino
62%
20 The Batman 2022 4.0 Matt Reeves
62%
41 The Shining 1980 4.2 Stanley Kubrick
62%
62 Avengers: Endgame 2019 3.9 Anthony Russo & Joe Russo
61%
15 Dune 2021 3.9 Denis Villeneuve
61%
34 The Grand Budapest Hotel 2014 4.2 Wes Anderson
61%
72 The Lord of the Rings: The Fellowship of the Ring 2001 4.4 Peter Jackson
60%
95 Goodfellas 1990 4.5 Martin Scorsese
59%
14 Joker 2019 3.8 Todd Phillips
59%
30 Superman 2025 3.9 James Gunn
58%
26 Dune: Part Two 2024 4.4 Denis Villeneuve
56%
28 Spirited Away 2001 4.5 Hayao Miyazaki
56%
29 The Wolf of Wall Street 2013 4.0 Martin Scorsese
56%
7 Whiplash 2014 4.4 Damien Chazelle
56%
60 Avengers: Infinity War 2018 4.0 Anthony Russo & Joe Russo
55%
18 Sinners 2025 4.1 Ryan Coogler
52%
67 The Shawshank Redemption 1994 4.6 Frank Darabont
52%
6 Everything Everywhere All at Once 2022 4.3 Daniel Scheinert & Daniel Kwan
51%
90 Guardians of the Galaxy 2014 3.8 James Gunn
50%
47 Little Women 2019 4.2 Greta Gerwig
50%
68 Taxi Driver 1976 4.1 Martin Scorsese
50%
39 Forrest Gump 1994 4.2 Robert Zemeckis
49%
37 Lady Bird 2017 3.8 Greta Gerwig
49%
97 Nope 2022 3.7 Jordan Peele
49%
66 The Matrix 1999 4.2 Lilly Wachowski & Lana Wachowski
49%
17 Midsommar 2019 3.8 Ari Aster
45%
94 Back to the Future 1985 4.2 Robert Zemeckis
44%
55 Fantastic Mr. Fox 2009 4.3 Wes Anderson
43%
53 Shutter Island 2010 4.2 Martin Scorsese
43%
75 Her 2013 4.0 Spike Jonze
42%
32 Nosferatu 2024 3.7 Robert Eggers
41%
45 Anora 2024 3.8 Sean Baker
38%
91 Howl's Moving Castle 2004 4.4 Hayao Miyazaki
38%
24 Knives Out 2019 4.0 Rian Johnson
38%
38 Poor Things 2023 4.0 Yorgos Lanthimos
38%
46 The Silence of the Lambs 1991 4.3 Jonathan Demme
38%
82 Arrival 2016 4.1 Denis Villeneuve
37%
44 Good Will Hunting 1997 4.4 Gus Van Sant
37%
63 Hereditary 2018 3.9 Ari Aster
37%
99 Jojo Rabbit 2019 4.0 Taika Waititi
37%
22 Dead Poets Society 1989 4.3 Peter Weir
36%
16 Spider-Man: Into the Spider-Verse 2018 4.4 Rodney Rothman, Peter Ramsey & Bob Persichetti
36%
64 Baby Driver 2017 3.7 Edgar Wright
35%
51 Call Me By Your Name 2017 3.9 Luca Guadagnino
35%
27 Spider-Man: Across the Spider-Verse 2023 4.4 Joaquim Dos Santos, Justin K. Thompson & Kemp Powers
35%
43 Gone Girl 2014 4.1 David Fincher
34%
73 Mickey 17 2025 3.6 Bong Joon-ho
34%
10 The Truman Show 1998 4.2 Peter Weir
34%
36 Black Swan 2010 4.2 Darren Aronofsky
33%
93 Blade Runner 2049 2017 4.1 Denis Villeneuve
32%
13 Eternal Sunshine of the Spotless Mind 2004 4.2 Michel Gondry
32%
57 Ratatouille 2007 4.2 Brad Bird
32%
69 The Social Network 2010 3.9 David Fincher
32%
23 American Psycho 2000 3.8 Mary Harron
30%
33 Challengers 2024 3.9 Luca Guadagnino
30%
81 Glass Onion 2022 3.4 Rian Johnson
30%
70 Scott Pilgrim vs. The World 2010 3.9 Edgar Wright
30%
96 Up 2009 4.1 Pete Docter
30%
49 Spider-Man: No Way Home 2021 3.8 Jon Watts
29%
11 The Substance 2024 3.8 Coralie Fargeat
29%
61 Weapons 2025 3.7 Zach Cregger
27%
92 Harry Potter and the Philosopher's Stone 2001 3.8 Chris Columbus
26%
35 Saltburn 2023 3.4 Emerald Fennell
24%
58 Wicked 2024 3.8 Jon M. Chu
24%
98 Aftersun 2022 4.2 Charlotte Wells
23%
89 Past Lives 2023 4.2 Celine Song
23%
86 Harry Potter and the Prisoner of Azkaban 2004 4.1 Alfonso Cuarón
21%
88 Pearl 2022 3.7 Ti West
21%
77 Coraline 2009 4.2 Henry Selick
20%
80 Inside Out 2015 3.8 Pete Docter
20%
25 10 Things I Hate About You 1999 4.0 Gil Junger
17%
74 Mean Girls 2004 3.8 Mark Waters
17%
65 Deadpool & Wolverine 2024 3.5 Shawn Levy
15%
76 Donnie Darko 2001 4.0 Richard Kelly
15%
56 The Perks of Being a Wallflower 2012 4.0 Stephen Chbosky
15%
85 Coco 2017 4.1 Lee Unkrich
14%
83 The Hunger Games 2012 3.8 Gary Ross
13%
42 The Menu 2022 3.5 Mark Mylod
12%
52 (500) Days of Summer 2009 3.7 Marc Webb
11%
84 Conclave 2024 3.9 Edward Berger
11%
71 Inside Out 2 2024 3.6 Kelsey Mann
9%
79 Little Miss Sunshine 2006 4.2 Jonathan Dayton & Valerie Faris
9%
87 The Devil Wears Prada 2006 3.8 David Frankel
8%
No matching quizzes found
Score Distribution
Percent of People with Each Score
Percentile by Number Answered
Your Score History
You have not taken this quiz since the last reset